Kuvavisa: Aasian suurimmat Ö:llä alkavat kaupungit - Statistics

Yleistilastot
  • Tätä visaa on pelattu 4 kertaa
  • Keskiarvotulos 8 / 16
Vastaustilastot
Kuvavisa Hint Vastaus % Oikein
🇲🇳 40 000 Ölgii
100%
🇰🇿 352 000 Öskemen
100%
🇹🇷 85 000 Ödemiş
50%
🇲🇳 4 000 Ölziit
50%
🇲🇳 3 000 Ölziit
50%
🇹🇷 7 000 Ömerli
50%
🇲🇳 5 000 Ömnögovi
50%
🇲🇳 24 000 Öndörhaan
50%
🇲🇳 3 000 Öndörhangai
50%
🇲🇳 6 000 Öndör-Ulaan
50%
🇰🇿 32 000 {Ötegen} Batyr
50%
🇹🇷 12 000 Özalp
50%
🇰🇬 62 000 Özgön
50%
🇹🇷 3 000 Özkonak
50%
🇲🇳 6 000 Ömnödelger
0%
🇹🇷 4 000 Özbağ
0%
Ehtoja vastaavia visoja ei löytynyt
Tulosjakauma
Jokaisen tuloksen saaneiden osuus
Persentiili vastausten määrän mukaan
Tuloshistoriasi
Et ole pelannut tätä visaa